Skybase (Standartskill) - Lyrics - Statistiken

Allgemein
  • Dieses Quiz wurde 217 mal gespielt
  • Das Durchschnittsergebnis liegt bei 241 aus 416
Antwortstatistiken
Antwort % Korrekt
Ich
93%
ich
93%
die
90%
den
89%
mein
88%
mein'
88%
mit
87%
Battle
86%
Ein
86%
ein
86%
meine
86%
Meine
86%
'ne
86%
Er
85%
Skybase
85%
eine
84%
Mutter
84%
Tag
84%
Hausaufgaben
83%
Royale
83%
Bauen
82%
bauen
82%
Runde
82%
nervt
81%
und
81%
Und
81%
Wir
81%
wir
81%
zu
81%
Zu
81%
Fortnite
80%
mach
80%
beginne
79%
Hauptaufgabe
79%
Sie
78%
sie
78%
meiner
76%
bis
75%
einer
75%
es
75%
Es
75%
da
74%
sagt,
74%
sagt
74%
komm'
73%
ist
72%
mir
71%
süchtig
71%
mich
70%
wäre
70%
Natürlich
69%
hat
68%
in
68%
Wolken
68%
Das
67%
Recht
67%
öffne
66%
Augen
65%
drüber
65%
Jetpack
65%
mache
64%
über
64%
wiitzig
64%
abzulenken,
63%
Ohne
62%
ohne
62%
auf
61%
Bewegung
61%
Check,
61%
Ey
61%
ey
61%
nicht
61%
Schlaf
61%
Headset
60%
klar
60%
raubt
60%
sei
60%
Thema
60%
vom
60%
komme
59%
durch
58%
gar
58%
hoch
58%
mehr
58%
Um
58%
Update
58%
egal,
57%
höre
57%
'nem
57%
sein'
57%
der
56%
Steps
56%
was
56%
Charts
55%
Charts,
55%
dem
55%
hier
55%
ihr
54%
gefällt
53%
uns
53%
aus
52%
für
51%
jeden
51%
keine
51%
seiner
51%
Shot
51%
erste
49%
Himmel
49%
Kopf
49%
Skill
48%
Standart
48%
Chance,
47%
darüber
47%
Begegnung
45%
im
45%
dann
44%
ersten
43%
kommt
43%
yeah
43%
nach
41%
Freundin
40%
mal
40%
noch
40%
Playsi,
40%
Weg
40%
doch
39%
Punkt
39%
vor
38%
yo
38%
bring
37%
dir
33%
unvorstellbar
32%
dabei
31%
bin
30%
goldene
30%
SCAR
30%
Denn
29%
Freunde
29%
wie
29%
zock
29%
Digga
28%
digga
28%
Bus
27%
Eltern
27%
Nein
27%
sage
27%
auch
26%
hab'
25%
Läuft
25%
ob
25%
Skin
25%
sofort
25%
gibt
24%
grüße
24%
lege
24%
leider
24%
viele
24%
Zeit
24%
fragen
22%
hassen
22%
Kiste
22%
legendären
22%
AviveHD
21%
Geld
21%
Kohle
21%
beiseite
20%
jetzt
20%
Kind
20%
Lande
20%
schieß'
20%
verprasse
20%
benehm'
19%
jap,
19%
Tomato
19%
Town
19%
Enemies
17%
live
16%
nochmal
16%
Soldat
16%
Stream
16%
Zone
16%
Jackpot
15%
voll
15%
Zeppelin
15%
nie
14%
setz
14%
Waffe
14%
Miccheck
13%
Als
12%
berühre
12%
beste
12%
Brauch'
12%
euch
12%
Lade
12%
Skins
12%
ans
11%
broke
11%
Controller
11%
Dankeschön
11%
gehe
11%
krasse
11%
machen
11%
Song
11%
icrymax
10%
nerven
10%
Phone
9%
dope
8%
klingt
8%
MrGamerPros
8%
Keine übereinstimmenden Quizze gefunden
Verteilung der Resultate
Anzahl Personen mit jedem Resultat
Perzentil nach korrekt beantworteten Fragen
Ihre Resultats-Entwicklung
Sie haben dieses Quiz noch nicht gespielt